| 000 | 00620nam a22002057a 4500 | ||
|---|---|---|---|
| 005 | 20260304074442.0 | ||
| 008 | 260302b |||||||| |||| 00| 0 eng d | ||
| 020 | _a978-93-95337-83-0 | ||
| 082 | _a639.3 R185 2023 | ||
| 100 |
_aRana, Nisha _9315 |
||
| 245 |
_aFish farm techniques and hatchery management / _cNisha Rana |
||
| 250 | _a1st ed. | ||
| 260 |
_aNew Delhi, IN: _bParadise Press, _cc2023 |
||
| 300 |
_axi, 270p.: _bill. |
||
| 504 | _aIncludes bibliographies and index | ||
| 541 | _e7942 c.1 | ||
| 650 |
_aFish culture _9322 |
||
| 650 |
_aFishery management _9323 |
||
| 650 |
_aFish hatcheries - Management _9324 |
||
| 999 |
_c2536 _d2536 |
||